Implementing the Extractive Industries Transparency Initiative (Record no. 13560)

000 -LEADER
fixed length control field 01556cam a22002894a 4500
020 ## - INTERNATIONAL STANDARD BOOK NUMBER
ISBN 0821375016
020 ## - INTERNATIONAL STANDARD BOOK NUMBER
ISBN 9780821375020
040 ## - CATALOGING SOURCE
Transcribing agency DCG
082 ## - DEWEY DECIMAL CLASSIFICATION NUMBER
Classification number 338 WOR 2008 A011 Or.
110 2# - MAIN ENTRY--CORPORATE NAME
Corporate name or jurisdiction name as entry element World Bank.
245 10 - TITLE STATEMENT
Title Implementing the Extractive Industries Transparency Initiative
Remainder of title Applying Early Lessons from the Field.
260 ## - PUBLICATION, DISTRIBUTION, ETC. (IMPRINT)
Place of publication Washington, D.C. :
Name of publisher The World Bank,
Year of publication 2008.
300 ## - PHYSICAL DESCRIPTION
Number of Pages 1 online resource (105 p.)
520 3# - SUMMARY, ETC.
Summary, etc The Extractive Industries Transparency Initiative (EITI) was established as a global initiative in 2002. The EITI has since become the highest profile international standard for promoting transparency and accountability in countries dependent on oil, gas, minerals, and metals. As it is built around cooperation among governments, companies, and civil society organizations, the EITI has been called a (3)4z(Bcurious coalition(3)4y (Bby some. However, this coalition now helps drive transparency in revenues and payments in resource-rich countries across the world as part of their good governance programs.
650 #4 - SUBJECT ADDED ENTRY--TOPICAL TERM
Topical Term Banks and Banking Reform.
650 #4 - SUBJECT ADDED ENTRY--TOPICAL TERM
Topical Term Corporate Law.
650 #4 - SUBJECT ADDED ENTRY--TOPICAL TERM
Topical Term Finance and Financial Sector Development.
650 #4 - SUBJECT ADDED ENTRY--TOPICAL TERM
Topical Term Financial Literacy.
650 #4 - SUBJECT ADDED ENTRY--TOPICAL TERM
Topical Term Governance.
650 #4 - SUBJECT ADDED ENTRY--TOPICAL TERM
Topical Term Law and Development.
650 #4 - SUBJECT ADDED ENTRY--TOPICAL TERM
Topical Term Mining and Extractive Industry.
650 #4 - SUBJECT ADDED ENTRY--TOPICAL TERM
Topical Term National Governance.
650 #4 - SUBJECT ADDED ENTRY--TOPICAL TERM
Topical Term Public Sector Corruption and Anticorruption Measures.
710 2# - ADDED ENTRY--CORPORATE NAME
Corporate name or jurisdiction name as entry element World Bank.
856 40 - ELECTRONIC LOCATION AND ACCESS
Uniform Resource Identifier http://elibrary.worldbank.org/content/book/9780821375013
942 ## - ADDED ENTRY ELEMENTS (KOHA)
Koha item type សៀវភៅភាសាអង់គ្លេស
952 ## - LOCATION AND ITEM INFORMATION (KOHA)
Withdrawn status [LOCAL, KOHA] 0
Holdings
Permanent Location Date acquired Koha item type Lost status Shelving location Barcode Current Location Full call number
Library Block A2017-08-28សៀវភៅភាសាអង់គ្លេស A011A21363Library Block A338 WOR 2008 A011 Or.
មជ្ឈមណ្ឌលឯការនៃសាកលវិទ្យាល័យភូមិន្ទកសិកម្មចំការដូង

Powered by Koha